Κατάλογος Βιβλιοθηκών Mediterranean College

Εμπορικές Εφαρμογές με τη dBASE III PLUS / Μετάφραση της 1ης Αμερικανικής Έκδοσης 1986 (Record no. 3605)

MARC details
000 -LEADER
fixed length control field 01598cam a22001814a 4500
005 - ΗΜΕΡΟΜΗΝΙΑ ΚΑΙ ΩΡΑ ΤΕΛΕΥΤΑΙΑΣ ΕΝΗΜΕΡΩΣΗΣ
Πεδίο ελέγχου 20250605164120.0
008 - FIXED-LENGTH DATA ELEMENTS--GENERAL INFORMATION
Πεδίο ελέγχου σταθερού μήκους 250528s ||||||||||||||||||||||||d
035 ## - SYSTEM CONTROL NUMBER
System control number 18231
020 ## - ISBN
ISBN 895883694
040 ## - ΠΗΓΗ ΚΑΤΑΛΟΓΟΓΡΑΦΗΣΗΣ
Φορέας πρωτότυπης καταλογογράφησης MC Athens Campus Library
Γλώσσα καταλογογράφησης Ελληνικά, Μοντέρνα (1453-)
Modifying agency MC Athens Campus Library
Κανόνες περιγραφικής καταλογογράφησης AACR2
245 1# - ΤΙΤΛΟΣ ΚΑΙ ΔΗΛΩΣΗ ΥΠΕΥΘΥΝΟΤΗΤΑΣ
Τίτλος Εμπορικές Εφαρμογές με τη dBASE III PLUS / Μετάφραση της 1ης Αμερικανικής Έκδοσης 1986
260 ## - PUBLICATION, DISTRIBUTION, ETC.
Name of publisher, distributor, etc. Γκιούρδας Μόσχος,
Date of publication, distribution, etc. 1988
520 ## - SUMMARY, ETC.
Summary, etc. Εισαγωγή, Σχεδίαση Βάσης Δεδομένων της dBASE III PLUS, Η Δύναμη των Δεικτών, Προγραμματισμός στη dBASE III PLUS, Σχεδιασμός Συστήματος, Κύρια Λίστα Επιλογής Συστήματος Συνδρομητών, Πρόγραμμα Εισαγωγής Συστήματος Συνδρομητών, Ταξινόμηση και Ερωτήσεις στο Σύστημα Συνδρομητών, Προσαυξήσεις στο Σύστημα Συνδρομητών, Σχεδιασμός Συστήματος Αποθεμάτων, Το Βασικό Αρχείο Αποθεμάτων, Σύστημα Πωλήσεων Αποθεμάτων, Σύστημα Νέων Αποθεμάτων, Ενημέρωση Συστήματος, Διαδικάσιες και Παράμετροι, Αναφορές Συστήματος Ε/Λ, Μηνιαίες Ενημερώσεις Συστήματος, RunTime και Μεταγλωτιστές, Ευρετήριο.
700 1# - ΠΡΟΣΘΕΤΗ ΑΝΑΓΡΑΦΗ--ΦΥΣΙΚΟ ΠΡΟΣΩΠΟ
Personal name Simpson Alan
9 (RLIN) 1370
942 ## - ADDED ENTRY ELEMENTS (KOHA)
Koha item type Books
Holdings
Τύπος τεκμηρίου Βιβλιοθήκη Τρέχουσα τοποθεσία Barcode Αριθμός εισαγωγής Ημερομηνία απόκτησης Ταξιθετικό σύμβολο Αριθμός αντιτύπου Κατάσταση απόσυρσης Κατάσταση χαμένου Κατάσταση κατεστραμμένου Μη δανεισμός Σύνολο δανεισμών Ημερομηνία τελευταίας εμφάνισης Η τιμή ισχύει από
Books MC Athens Campus Library MC Athens Campus Library 9780000036049 2426 05/06/2025 005.75/65 SIM 1           05/06/2025 05/06/2025

MC Athens Campus Library
Πατησίων 94 & Κοδριγκτώνος 13, 104 34
Πελλήνης 8 & Πατησίων 107, 112 51
Τ: +30 210 8899600

MC Thessaloniki Campus Library
Ίωνος Δραγούμη 21, 54625 | Ίωνος Δραγούμη 15, 54625
Τ: +30 2310 287779 – Τ: +30 2314 440300